| 000 | 00542cam a22001817a 4500 | ||
|---|---|---|---|
| 008 | 180718b1995 xxu||||| |||| 00| 0 eng d | ||
| 020 | _a0631162283 | ||
| 082 | _aB11 J763 | ||
| 100 | _aJordan, Glenn | ||
| 245 |
_aCultural politics : class, gender, race and the postmodern world _cby Glenn Jordan and Chris Weedon |
||
| 260 |
_aOxford _bBlackwell _c1995 |
||
| 300 | _a624p. | ||
| 650 | _aEthnic Arts | ||
| 650 | _aMinorities in Art | ||
| 650 | _aArts and Society - History - 20th Century | ||
| 650 | _aCulture | ||
| 700 | _aWeedon, Chris | ||
| 999 |
_c377095 _d377095 |
||